LEADER 01167nam 2200253la 450 001 9910481655203321 005 20221103091558.0 035 $a(UK-CbPIL)2230618030 035 $a(CKB)5500000000149085 035 $a(EXLCZ)995500000000149085 100 $a20221103d1510 uy | 101 0 $alat 135 $aurcn||||a|bb| 200 10$aIn hoc opere contenta Arithmetica decem libris demonstrata. Musica libris demonstrata quatuor. Epitome in libros Arithmethicos diui Seuerini Boetij. Rithmimachie Iudus qui et pugna numerorum appellatur [Jordani Nemorarij] 210 $aParis $cHenri Estienne$d1510 215 $aOnline resource (2 parts in 1 v. ([40]; xlviii leaves), 4to.) 300 $aReproduction of original in Biblioteca Nazionale Centrale di Firenze. 700 $aJordanus$b Nemorarius$factive 13th century.$0540172 801 0$bUk-CbPIL 801 1$bUk-CbPIL 906 $aBOOK 912 $a9910481655203321 996 $aIn hoc opere contenta Arithmetica decem libris demonstrata. Musica libris demonstrata quatuor. Epitome in libros Arithmethicos diui Seuerini Boetij. Rithmimachie Iudus qui et pugna numerorum appellatur$94539475 997 $aUNINA